Screening of Hevea germplasm for DNR markers using RAPD analysis (Record no. 74241)

MARC details
000 -LEADER
fixed length control field 00517nam a2200157Ia 4500
100 ## - MAIN ENTRY--AUTHOR NAME
Personal name Sreeja, S.
245 #0 - TITLE STATEMENT
Title Screening of Hevea germplasm for DNR markers using RAPD analysis
260 ## - PUBLICATION, DISTRIBUTION, ETC. (IMPRINT)
Name of publisher Periyar University
Place of publication Salem
Year of publication 2003
300 ## - PHYSICAL DESCRIPTION
Number of Pages 37
500 ## - GENERAL NOTE
General note Available in Biotechnology
500 ## - GENERAL NOTE
General note Course: M.Sc.
700 ## - ADDED ENTRY--PERSONAL NAME
Personal name Dr A Thulaseedharan
850 ## - HOLDING INSTITUTION
Holding institution Dept. of Biotechnology, Vivekanandha College of Arts and Science for Women, Tiruchengode
942 ## - ADDED ENTRY ELEMENTS (KOHA)
Koha item type Theses
Holdings
Withdrawn status Lost status Damaged status Not for loan Collection code Home library Current library Shelving location Date acquired Koha item type
      Theses Dissertation RRII Library RRII Library Biotechnology 31/12/2021 Theses